| 000 | 00619nac a22001811u 4500 | ||
|---|---|---|---|
| 020 | _a8129705362 | ||
| 082 |
_a332.042 _bM531 |
||
| 090 |
_c1088 _d1088 |
||
| 100 | _aMelvin, Michael, | ||
| 245 |
_aInternational money and finance / _cMichael Melvin. |
||
| 250 | _a7th ed. | ||
| 260 |
_aNew Delhi : _bPearson Education, _c2004. |
||
| 300 |
_a304 p. : _bDiagrams, _c24 cm. |
||
| 500 | _aIncludes index. | ||
| 650 | _aInternational finance. | ||
| 942 |
_cBB _k332.042M531 |
||
| 999 |
_c1088 _d1088 |
||